Un luogo dove non sono mai stato

Saved in:
Bibliografiske detaljer
Hovedforfatter: Leavitt, David, 1961-
Format: Bog
Sprog:engelsk
Udgivet: Mondadori 1990
Tags: Tilføj Tag
Ingen Tags, Vær først til at tagge denne postø!

MARC

LEADER 00000nam a2200000 4500
005 20240227171808.0
008 240227b |||||||| |||| 00| 0 eng d
040 |c C 
100 1 |a Leavitt, David,  |d 1961-  |9 6 
245 |a Un luogo dove non sono mai stato 
260 |b Mondadori  |c 1990 
942 |2 ddc  |c BK  |n 0 
952 |0 0  |1 0  |2 ddc  |4 0  |6 813_540000000000000_LEA_LUO  |7 1  |9 753  |a GE  |b GE  |d 2019-10-14  |l 0  |o 813.54 LEA LUO  |p 3281  |r 2024-02-27 15:12:42  |w 2024-02-27  |y BK 
999 |c 707  |d 707